Statistics for Countries Most Similar To Italy

Click here to take the quiz!

General Stats

  • This quiz has been taken 168 times
  • The average score is 14 of 20

Answer Stats

RankCountryScore% Correct
2France82.3
98%
1Spain84.7
98%
3Portugal80.8
95%
9Germany78.2
94%
4Greece79.6
89%
4Croatia79.6
85%
6Slovenia79.4
83%
18Switzerland73.2
81%
8Austria78.7
80%
12Poland76.3
72%
15Romania74.9
72%
7Belgium79.2
68%
13Netherlands75.3
63%
14Czech Republic75.2
61%
16Hungary74.6
59%
10Slovakia77.2
59%
20Serbia71.9
51%
17Bulgaria73.5
50%
19Denmark72.7
45%
11Luxembourg76.9
42%

Score Distribution

Percentile by Number Answered

Percent of People with Each Score

Your Score History

You have not taken this quiz